(Geo)demografie nejen pro ekonomy /

Hlavní autor: Kunc, Josef, 1973-
Korporativní autor: Masarykova univerzita. Ekonomicko-správní fakulta
Další autoři: Jaňurová, Martina, Krajíčková, Aneta, Tonev, Petr, 1974-, Toušek, Václav, 1949-
Jazyk: Čeština
Vydáno: Brno : Masarykova univerzita, 2019
Vydání: Vydání 1.
Témata:
Fyzický popis: 149 stran : ilustrace (převážně barevné), mapy, portréty, faksimile ; 30 cm
Knihy
Uloženo v:
LEADER 02036nam a2200529 i 4500
001 nkc20203245337
003 CZ PrNK
005 20230523164611.0
007 ta
008 200904s2019 xr abchf 000 0 cze
015 |a cnb003245337 
020 |a 978-80-210-9461-1  |q (brožováno) 
035 |a (OCoLC)1237098645 
040 |a ABA001  |b cze  |d BOA001  |e rda 
043 |a e-xr--- 
072 7 |a 314  |x Demografie. Populace  |2 Konspekt  |9 18 
080 |a 314  |2 MRF 
080 |a (437.3)  |2 MRF 
080 |a (048.8:082)  |2 MRF 
100 1 |a Kunc, Josef,  |d 1973-  |7 xx0085272  |4 aut 
245 1 0 |a (Geo)demografie nejen pro ekonomy /  |c Josef Kunc, Martina Jaňurová, Aneta Krajíčková, Petr Tonev, Václav Toušek 
246 3 0 |a Demografie nejen pro ekonomy 
250 |a Vydání 1. 
264 1 |a Brno :  |b Masarykova univerzita,  |c 2019 
300 |a 149 stran :  |b ilustrace (převážně barevné), mapy, portréty, faksimile ;  |c 30 cm 
336 |a text  |b txt  |2 rdacontent 
337 |a bez média  |b n  |2 rdamedia 
338 |a svazek  |b nc  |2 rdacarrier 
500 |a "MUNI ECON"--4. strana obálky 
504 |a Obsahuje bibliografii a bibliografické odkazy 
650 0 7 |a demografie  |7 ph117181  |2 czenas 
650 0 7 |a obyvatelstvo  |7 ph123621  |z Česko  |2 czenas 
650 0 9 |a demography  |2 eczenas 
650 0 9 |a population  |z Czechia  |2 eczenas 
655 7 |a kolektivní monografie  |7 fd501537  |2 czenas 
655 9 |a collective monographs  |2 eczenas 
700 1 |a Jaňurová, Martina  |4 aut 
700 1 |a Krajíčková, Aneta  |4 aut 
700 1 |a Tonev, Petr,  |d 1974-  |7 mub2013744416  |4 aut 
700 1 |a Toušek, Václav,  |d 1949-  |7 ola2003204890  |4 aut 
710 2 |a Masarykova univerzita.  |b Ekonomicko-správní fakulta  |7 kn20010709273  |4 isb 
910 2 |a BOA001  |b 4-1456.226 
990 |a BK 
995 |a 01 
991 |b 202101  |c NOV 
996 6 |b 2610846598  |c 4-1456.226  |l MZK  |r Sklad / do 1 hodiny  |n 1  |p p.v.  |w 001835395  |u 000010  |a 1  |e BOA001  |j MZK50  |s P 
996 7 |b 2610846599  |c 4-1456.226  |l Vol.výběr  |r VV 0p  |n 13  |p p.v.  |h 314 KUN  |w 001835395  |u 000020  |a 0  |e BOA001  |j MZK50  |s A